Lịch sử khai phá vùng đất Nam Bộ

Giới thiệu vài nét về môi trường tự nhiên vùng đất Nam Bộ. Trình bày tiến trình nhân dân ta khai khẩn và mở mang vùng đất Nam Bộ từ đầu thế kỷ XVII đến nửa đầu thế kỷ XIX; sự biến đổi xã hội qua quá trình khai phá vùng đất Nam Bộ...

وصف كامل

محفوظ في:
التفاصيل البيبلوغرافية
المؤلف الرئيسي: Huỳnh Lứa
مؤلفون آخرون: Lê, Quang Minh
التنسيق: كتاب
اللغة:Undetermined
منشور في: Tp. Hồ Chí Minh Tổng hợp Tp. Hồ Chí Minh 2017
الموضوعات:
الوصول للمادة أونلاين:http://lrc.tdmu.edu.vn/opac/search/detail.asp?aID=2&ID=29010
الوسوم: إضافة وسم
لا توجد وسوم, كن أول من يضع وسما على هذه التسجيلة!
Thư viện lưu trữ: Trung tâm Học liệu Trường Đại học Thủ Dầu Một
LEADER 01208nam a2200217Ia 4500
001 TDMU_29010
008 210410s9999 xx 000 0 und d
082 |a 620.5 
090 |b H531 
100 |a Huỳnh Lứa 
245 0 |a Lịch sử khai phá vùng đất Nam Bộ 
245 0 |c Huỳnh Lứa (chủ biên), Lê Quang Minh, Lê Văn Năm, Đỗ Hữu Nghiêm 
260 |a Tp. Hồ Chí Minh 
260 |b Tổng hợp Tp. Hồ Chí Minh 
260 |c 2017 
300 |a 364tr. 
520 |a Giới thiệu vài nét về môi trường tự nhiên vùng đất Nam Bộ. Trình bày tiến trình nhân dân ta khai khẩn và mở mang vùng đất Nam Bộ từ đầu thế kỷ XVII đến nửa đầu thế kỷ XIX; sự biến đổi xã hội qua quá trình khai phá vùng đất Nam Bộ 
650 |a Lịch sử  |x Khai hoang  |z Nam Bộ (Việt Nam); Lịch sử Nam Bộ (Việt Nam)  |x Khai hoang  
700 |a Lê, Quang Minh 
856 |u http://lrc.tdmu.edu.vn/opac/search/detail.asp?aID=2&ID=29010 
980 |a Trung tâm Học liệu Trường Đại học Thủ Dầu Một